Bibliography of publications relating to ground water / (Record no. 29181)

MARC details
000 -LEADER
fixed length control field 01446cam a22002891a 4500
001 - CONTROL NUMBER
control field gs 57000258
003 - CONTROL NUMBER IDENTIFIER
control field DLC
005 - DATE AND TIME OF LATEST TRANSACTION
control field 20260227111405.0
008 - FIXED-LENGTH DATA ELEMENTS--GENERAL INFORMATION
fixed length control field 790322s1957 dcuab b f001 0 eng c
010 ## - LIBRARY OF CONGRESS CONTROL NUMBER
LC control number gs 57000258
035 ## - SYSTEM CONTROL NUMBER
System control number (OCoLC)4768392
040 ## - CATALOGING SOURCE
Original cataloging agency U. S. Geol. Survey Libr.
Transcribing agency AzU
Modifying agency DNAL
-- OCoLC
-- DLC
042 ## - AUTHENTICATION CODE
Authentication code premarc
050 00 - LIBRARY OF CONGRESS CALL NUMBER
Classification number TC801
Item number .U2 no. 1492
070 0# - NATIONAL AGRICULTURAL LIBRARY CALL NUMBER
Classification number 407
Item number G29W no.1492
072 #0 - SUBJECT CATEGORY CODE
Subject category code P200
100 1# - MAIN ENTRY--PERSONAL NAME
Personal name Vorhis, Robert Corson,
Dates associated with a name 1917.
245 10 - TITLE STATEMENT
Title Bibliography of publications relating to ground water /
Statement of responsibility, etc. prepared by the Geological Survey and cooperating agencies 1946-55, by Robert C. Vorhis.
260 ## - PUBLICATION, DISTRIBUTION, ETC.
Place of publication, distribution, etc. Washington, D.C. :
Name of publisher, distributor, etc. U.S. G.P.O.,
Date of publication, distribution, etc. 1957.
300 ## - PHYSICAL DESCRIPTION
Extent iii, 203 p. :
Other physical details ill., map ;
Dimensions 23 cm.
440 #0 - SERIES STATEMENT/ADDED ENTRY--TITLE
Title Geological Survey water-supply paper ;
Volume/sequential designation 1492
500 ## - GENERAL NOTE
General note Includes index.
501 ## - WITH NOTE
With note Copy 1 with : Compilation of records of surface waters of the United States through September 1950. pt.8. Western Gulf of Mexico Basins. Washington, D.C. : U.S. G.P.O., 1960. Bound together subsequent to publication.
Institution to which field applies DLC
501 ## - WITH NOTE
With note Copy 2 with : Geologic and ground-water reconnaissance of the Loup River drainage basin, Nebraska, 1959 -- Geology and ground-water resources of the Matanuska Valley agricultural area, Alaska, 1960. Washington, D.C. : U.S. G.P.O. Bound together subsequent to publication.
Institution to which field applies DLC
650 #0 - SUBJECT ADDED ENTRY--TOPICAL TERM
Topical term or geographic name entry element Water-supply
Form subdivision Bibliography.
650 #0 - SUBJECT ADDED ENTRY--TOPICAL TERM
Topical term or geographic name entry element Groundwater
Form subdivision Bibliography.

No items available.

Powered by Koha